Goya al Mejor Actor de Reparto - Estadísticas

Estadísticas generales
  • Esta prueba ha sido intentada 208 veces
    5 desde el último reinicio
  • La puntuación promedio es 12 de 35
Estadísticas de respuestas
Actor % Correcto
Javier Bardem
100%
Luis Zahera
100%
Álvaro Cervantes
75%
David Verdaguer
75%
Javier Cámara
75%
Karra Elejalde
75%
Luis Tosar
75%
Raúl Arévalo
75%
Alberto San Juan
50%
Antonio de la Torre
50%
Carmelo Gómez
50%
Eduard Fernández
50%
Juan Diego
50%
Juan Echanove
50%
Roberto Álamo
50%
Fernando Fernán Gómez
25%
Gabino Diego
25%
José Coronado
25%
Manolo Solo
25%
Salva Reina
25%
Tony Leblanc
25%
Urko Olazábal
25%
Adolfo Marsillach
0%
Celso Bugallo
0%
Emilio Gutiérrez Caba
0%
Jordi Dauder
0%
José Manuel Cervino
0%
José Sazatornil
0%
Julián Villagrán
0%
Lluís Homar
0%
Luis Ciges
0%
Luis Cuenca
0%
Miguel Rellán
0%
Pepe Sancho
0%
Tito Valverde
0%
No se encontraron pruebas coincidentes
Distribución de puntuación
Porcentaje de gente con cada puntuación
Porcentaje por número respondido
Historial de tus puntuaciones
No has intentado esta prueba desde el último reinicio